000 00289nam a22001337a 4500
008 171013b xxu||||| |||| 00| 0 eng d
020 _a9780935732894
041 _aeng
080 _a316
100 _a51
101 _aSOC
245 _aINSIDE SOCIAL LIFE
_cCAHILL, S.E
942 _2udc
_cBK
999 _c33734
_d33734